Statistics for Summer Olympics Top 4 Countries

Click here to take the quiz!

General Stats

  • This quiz has been taken 4,761 times
  • The average score is 17 of 21

Answer Stats

Country% Correct
United States
100%
China
99%
Germany
97%
Great Britain
97%
France
96%
Russia
96%
Japan
94%
Italy
92%
Australia
91%
Soviet Union
91%
Canada
90%
Greece
88%
Sweden
79%
East Germany
68%
Hungary
64%
Finland
62%
Belgium
60%
West Germany
57%
Romania
56%
Bulgaria
47%
Cuba
35%

Score Distribution

Percentile by Number Answered

Percent of People with Each Score

Your Score History

You have not taken this quiz